000 00718nam a2200241 4500
003 OSt
005 20240611081931.0
006 a
008 240611b |||||||| |||| 00| 0 eng d
020 _a9789715849586
040 _aDWCL-HMN lib.
_cOC
082 _2First edition
_aFil. 647.94 S237i 2010
100 _aSantos, Buen
245 _aIntroduction to hotel and resort management /
250 _aFirst edition
260 _aQuezon City :
_bC & E Pub. ,
_cc2010.
300 _axvii,
_b179 p. : ill. ;
_c26 cm.
504 _aIncludes bibliographical references.
650 _a1. Hotel management.
650 _a 2. Resorts-Management.
700 _aBuen Santos
942 _2ddc
_n0
_cBK - FIL
_eFirst edition
_kFil.
999 _c562
_d562